Hong Kong : a study in economic freedom /

Bibliographic Details
Main Author: Rabushka, Alvin
Format: Book
Language:English
Published: Chicago : University of Chicago, Graduate School of Business, [1979]
Series:William H. Abbott lectures in international business and economics ; 1976-77.
Subjects:

MARC

Tag First Indicator Second Indicator Subfields
LEADER 00000cam a2200000 i 4500
001 in00000242913
005 20151009085652.0
008 790608s1979 ilu b 00010 eng
010 |a  79108600  
020 |a 0918584027 
035 |a (OCoLC)05125949 
035 |9 ABA2412AM 
040 |a DLC  |c DLC  |d TXA  |d UtOrBLW 
043 |a a-hk--- 
049 |a TXAM  |c [1157717] 
050 0 0 |a HC497.H6  |b R33 
082 0 |a 330.9/51/25 
100 1 |a Rabushka, Alvin. 
245 1 0 |a Hong Kong :  |b a study in economic freedom /  |c Alvin Rabushka. 
264 1 |a Chicago :  |b University of Chicago, Graduate School of Business,  |c [1979] 
264 4 |c ©1979 
300 |a x, 129 pages ;  |c 23 cm. 
336 |a text  |b txt  |2 rdacontent 
337 |a unmediated  |b n  |2 rdamedia 
338 |a volume  |b nc  |2 rdacarrier 
490 1 |a William H. Abbott lectures in international business and economics ;  |v 1976-77 
504 |a Includes bibliographical references. 
651 0 |a Hong Kong (China)  |x Economic conditions. 
651 0 |a Hong Kong (China)  |x Economic policy. 
651 0 |a Hong Kong (China)  |x Commerce. 
830 0 |a William H. Abbott lectures in international business and economics ;  |v 1976-77. 
999 |a MARS 
999 f f |s c97aef71-668f-3ea8-854d-1954782c2430  |i 569cd8d6-96be-3105-a457-bc5e5209ea27  |t 0 
952 f f |p ric  |a Texas A&M University  |b Rellis Campus  |c Joint Library Facility  |d Remote Storage  |t 0  |e HC497.H6 R33  |h Library of Congress classification  |i unmediated -- volume  |m A14802603592 
998 f f |a HC497.H6 R33  |t 0  |l Remote Storage